Sciences par lettre - M - Statistiques

Statistiques générales
  • Ce quiz a été pris 151 fois
  • Le résultat moyen est 15 sur 20
Statistiques - réponses
Indices Réponses % Correct
Trouble de la vision responsable d'une vision floue de loin Myopie
97%
Surnommée "La Planète Rouge", elle est la quatrième planète la plus proche du Soleil Mars
95%
Unité (de symbole " m ") de longueur du Système international Mètre
95%
Instrument d'optique permettant d'observer des éléments (cellules, tissus…) normalement invisibles à l'œil nu Microscope
94%
Fragment de corps céleste ayant traversé l'atmosphère et atteint la surface terrestre Météorite
90%
Localisé en profondeur, ce mélange de roches en fusion et de gaz dissous se forme à haute température (≃ 1 000 °C) Magma
85%
Signification de la grandeur " m " dans l'équation : E = mc² Masse
85%
Ce gaz - de formule brute CH4 - est le principal constituant du gaz naturel, ainsi qu'un puissant gaz à effet de serre Méthane
85%
Pigment biologique notamment responsable de la couleur de la peau, des cheveux et des yeux chez l'être humain Mélanine
79%
Préfixe du Système international (de symbole " m ") qui, placé devant le nom d'une unité, la multiplie par 10-3 Milli
75%
Chimiste russe, prénommé Dmitri, ayant établi le tableau périodique des éléments Mendeleïev
74%
Anglicisme désignant tout logiciel malveillant (virus, cheval de Troie…) conçu pour nuire aux systèmes informatiques Malware
73%
Assemblage électriquement neutre d'atomes liés entre eux par des liaisons chimiques Molécule
67%
Micro-organisme (bactérie, virus, champignon…) invisible à l'œil nu, parfois responsable de maladies infectieuses Microbe
66%
Processus, en quatre étapes, par lequel une cellule mère se divise en deux cellules filles identiques Mitose
64%
Couche interne de la Terre située entre la croûte terrestre et le noyau Manteau
62%
Science qui étudie les champignons Mycologie
62%
Modification - par substitution, délétion ou insertion - de la séquence nucléotidique de l'ADN Mutation
58%
Couche de l'atmosphère terrestre située entre la stratosphère et la thermosphère Mésosphère
56%
Ère géologique, comprise entre le Paléozoïque et le Cénozoïque, marquée par la domination des dinosaures et l’apparition des premiers mammifères Mésozoïque
56%
Aucun quiz correspondant
Distribution des résultats
% des personnes avec chaque résultat
Percentile par nombre de réponses
Votre historique - résultats
Vous n’avez pas pris ce quiz